| 000 | 01019cam a22002777a 4500 | ||
|---|---|---|---|
| 001 | 14071932 | ||
| 003 | NUST - PNEC | ||
| 005 | 20170116181017.0 | ||
| 008 | 050811s2002 enka b 001 0 eng | ||
| 010 | _a 2005299470 | ||
| 015 | _aGBA2-U5329 | ||
| 020 | _a0750657731 (pbk.) | ||
| 040 | _cLIBRARY | ||
| 082 | 0 | 4 | _a621.3848 KOL |
| 100 | 1 | _aKolawole, Michael O. | |
| 245 | 1 | 0 |
_aRadar systems, peak detection and tracking / _cMichael O. Kolawole. |
| 260 |
_aOxford ; _aBoston : _bNewnes, _c2002. |
||
| 300 |
_axxv, 363 p. : _bill. ; _c24 cm. |
||
| 504 | _aIncludes bibliographical references (p. [348]-354) and index. | ||
| 650 | 0 |
_aRadar. _xEL |
|
| 856 | 4 | 2 |
_3Publisher description _uhttp://www.loc.gov/catdir/enhancements/fy0627/2005299470-d.html |
| 856 | 4 | 1 |
_3Table of contents only _uhttp://www.loc.gov/catdir/enhancements/fy0627/2005299470-t.html |
| 906 |
_a7 _bcbc _ccopycat _d2 _encip _f20 _gy-gencatlg |
||
| 942 |
_2ddc _cBK |
||
| 999 |
_c67298 _d67298 |
||